Xatachiwin tutunaku : (Record no. 59040)

MARC details
000 -CABECERA
campo de control de longitud fija 00769nam a2200217 a 4500
005 - FECHA Y HORA DE LA ÚLTIMA TRANSACCIÓN
campo de control 20231005063649.0
008 - ELEMENTOS DE LONGITUD FIJA--INFORMACIÓN GENERAL
campo de control de longitud fija 991125c1994 mx 000 0 spa u
020 ## - NÚMERO INTERNACIONAL NORMALIZADO PARA LIBROS
Número Internacional Estándar del Libro 9682975549
035 ## - NÚMERO DE CONTROL DEL SISTEMA
Número de control de sistema UPN01000059040
049 ## - COLECCIÓN
Colección CG
050 #4 - SIGNATURA TOPOGRÁFICA DE LA BIBLIOTECA DEL CONGRESO
Número de clasificación LB1578.369 T6.52
Número de documento/Ítem H4.9
100 1# - ASIENTO PRINCIPAL--NOMBRE PERSONAL
Nombre de persona Hernández García, Epifanio
245 10 - MENCIÓN DE TÍTULO
Título Xatachiwin tutunaku :
Resto del título lengua totonaca de Veracruz : segundo ciclo /
Mención de responsabilidad, etc. Epifanio Hernández García.
260 ## - PUBLICACIÓN, DISTRIBUCIÓN, ETC.
Lugar de publicación, distribución, etc. México :
Nombre del editor, distribuidor, etc. SEP, Comisión Nacional de los Libros de Texto Gratuitos,
Fecha de publicación, distribución, etc. c1994.
300 ## - DESCRIPCIÓN FÍSICA
Extensión 2 v. :
Otras características físicas il. col.
500 ## - NOTA GENERAL
Nota general La biblioteca tiene el v.1
650 #4 - ASIENTO SECUNDARIO DE MATERIA - TERMINO TEMATICO
Término de materia o nombre geográfico como elemento de entrada Cartilla totonaca
9 (RLIN) 8375
650 #4 - ASIENTO SECUNDARIO DE MATERIA - TERMINO TEMATICO
Término de materia o nombre geográfico como elemento de entrada Indígenas de México
Subdivisión geográfica Veracruz
Subdivisión general Lenguas
9 (RLIN) 21179
650 #4 - ASIENTO SECUNDARIO DE MATERIA - TERMINO TEMATICO
Término de materia o nombre geográfico como elemento de entrada TOTONACA -
Subdivisión general ESTUDIO Y ENSEÑANZA (ELEMENTAL)
905 ## - TIPO DE MATERIAL
Tipo de material Libro
Holdings
Estado de retiro Estado de pérdida Fuente del sistema de clasificación o colocación Estado dañado No para préstamo Código de colección Localización permanente Ubicación/localización actual Ubicación en estantería Fecha de adquisición Enumeración/cronología de publicación seriada Total de préstamos Clasificación Código de barras Fecha visto por última vez Número de copia Tipo de ítem Koha
    Library of Congress Classification   Disponible (Préstamo en sala) Libros de texto gratuitos Bib. Gregorio Torres Quintero Bib. Gregorio Torres Quintero Colecciones especiales Planta alta 13/09/2022 v.1 1 LB1578.369 T6.52 H4.9 143679 31/12/2020 1 Libro
    Library of Congress Classification   Disponible (Préstamo en sala) Libros de texto gratuitos Bib. Gregorio Torres Quintero Bib. Gregorio Torres Quintero Colecciones especiales Planta alta 13/09/2022 v.1   LB1578.369 T6.52 H4.9 143678 31/12/2020 1 Libro